Statistics for U.S. Traffic Signs Picture Quiz #1

Click here to take the quiz!

General Stats

  • This quiz has been taken 258 times
    (233 since last reset)
  • The average score is 11 of 20

Answer Stats

Brand% Correct
Stop
96%
No Parking
88%
No Bicycles
85%
No U-turn
84%
Speed Limit
79%
Hospital
77%
Yield
75%
Turn Right
73%
Railroad
71%
No Left Turn
70%
Roundabout
65%
School
49%
Do Not Enter
48%
Exit
48%
Bike Lane
35%
Street Name
30%
Cattle Crossing
24%
Tow Away Zone
22%
Low Clearance
5%
Reserved Parking
5%

Score Distribution

Percentile by Number Answered

Percent of People with Each Score

Your Score History

You have not taken this quiz since the last reset